LEADER 01097nam a2200241 u 4500 001 000000036205 003 CaOOAMICUS 005 20070226112655.0 008 980320s1937 gw u000 u ger u 035 $a10786715 040 $aPUL(R)$bita$dIAR 100 1 $aStutz, Ulrich,$d1868-1938.$0(OLS)http://pul/name/19342 245 10$aAusgewählte Kapitel aus der Geschichte der Eigenkirche und ihres Rechtes I-III /$cvon Ulrich Stutz. 260 $aWeimar :$bVerlag Hermann Böhlaus Nachfolger,$c1937. 300 $a85 p. ;$c22 cm 504 $aBibliografia in nota. 650 4$aPatronato ecclesiastico$xStoria.$0(OLS)http://pul/subject/17797 850 $aPUL 852 $aPUL$W1$xDP2 Diritto Canonico 1$y64$m153 E 23$j49616$nBK-PRI$qStampati$B49616$CPULBib$Z2$F49616 $82 941 1 $a8 961 $aTimbro sul front.: Bibliotheca Pontificium Institutum Utriusque Iuris. 996 $6245$aAusgewählte Kapitel aus der Geschichte der Eigenkirche und ihres Rechtes I-III$9(OLS)http://pul/title/49581 996 $6260$aWeimar :$bVerlag Hermann Böhlaus Nachfolger$9(OLS)http://pul/publisher/62819 LEADER 01266nam a2200277 u 4500 001 000000078512 003 CaOOAMICUS 005 20070226123434.0 008 040503s2001 gau u000 u eng u 020 $a158983013X 035 $a10993030 040 $aPUL$bita 100 1 $aWillis, Timothy M.$0(OLS)http://pul/name/52271 245 14$aThe elders of the city :$ba study of the elders-laws in Deuteronomy /$cTimothy M. Willis. 260 $aAtlanta :$bSociety of Biblical Literature,$cc2001. 300 $axiii, 353 p. ;$c24 cm 490 1 $aSociety of Biblical Literature monograph series ;$v55 504 $a"Bibliography": p. 313-339. 630 04$aBiblia.$pV.T.$pDeuteronomium.$0(OLS)http://pul/subject/5233 830 0$aSociety of biblical literature. Monograph series ;$v55.$0(OLS)http://pul/title/104445 850 $aPUL 852 $aPUL$W1$xSL Religione 1$y3$m5 P 1.55$j100682$nBK-PRI$b $qStampati$B100682$CPULBib$Z2$F100682 $HPUL90836 $81 941 1 $a8 996 $6020$a158983013X$9(OLS)http://pul/number/102924 996 $6245$aThe elders of the city :$ba study of the elders-laws in Deuteronomy$9(OLS)http://pul/title/102855 996 $6260$aAtlanta :$bSociety of Biblical Literature$9(OLS)http://pul/publisher/68936